<?xml version="1.0" encoding="UTF-8"?>
<collection xmlns:xsi="http://www.w3.org/2001/XMLSchema-instance" xsi:schemaLocation="http://www.loc.gov/MARC21/slim http://www.loc.gov/standards/marcxml/schema/MARC21slim.xsd" xmlns="http://www.loc.gov/MARC21/slim">
 <record>
  <leader>00000cam a22000004a 4500</leader>
  <controlfield tag="001">UP-1685675941123940005</controlfield>
  <controlfield tag="003">Buklod</controlfield>
  <controlfield tag="005">20151208171739.0</controlfield>
  <controlfield tag="006">aa    rb   |||1 u|</controlfield>
  <controlfield tag="007">ta</controlfield>
  <controlfield tag="008">090901s2011    iaua    r    |001 0|eng d</controlfield>
  <datafield tag="020" ind1=" " ind2=" ">
   <subfield code="a">9780073532226 (hc : alk. paper)</subfield>
  </datafield>
  <datafield tag="020" ind1=" " ind2=" ">
   <subfield code="a">0073532223</subfield>
  </datafield>
  <datafield tag="035" ind1=" " ind2=" ">
   <subfield code="a">(iLib)UPTAC-00017952999</subfield>
  </datafield>
  <datafield tag="040" ind1=" " ind2=" ">
   <subfield code="a">DLC</subfield>
   <subfield code="d">UPVTC</subfield>
  </datafield>
  <datafield tag="041" ind1="0" ind2=" ">
   <subfield code="a">eng</subfield>
  </datafield>
  <datafield tag="090" ind1=" " ind2="0">
   <subfield code="a">QH 308.2</subfield>
   <subfield code="b">R38 2011</subfield>
  </datafield>
  <datafield tag="245" ind1="0" ind2="0">
   <subfield code="a">Biology</subfield>
   <subfield code="c">Peter H. Raven ... [et al.].</subfield>
  </datafield>
  <datafield tag="250" ind1=" " ind2=" ">
   <subfield code="a">9th ed.</subfield>
  </datafield>
  <datafield tag="264" ind1=" " ind2="1">
   <subfield code="a">Dubuque, IA</subfield>
   <subfield code="b">McGraw-Hill</subfield>
   <subfield code="c">2011.</subfield>
  </datafield>
  <datafield tag="300" ind1=" " ind2=" ">
   <subfield code="a">xxvi, 1279, [97] p.</subfield>
   <subfield code="b">ill. (chiefly col.)</subfield>
   <subfield code="c">28 cm.</subfield>
  </datafield>
  <datafield tag="500" ind1=" " ind2=" ">
   <subfield code="a">Includes index.</subfield>
  </datafield>
  <datafield tag="500" ind1=" " ind2=" ">
   <subfield code="a">Based on the work of Peter H. Raven [and] George B. Johnson.</subfield>
  </datafield>
  <datafield tag="505" ind1="0" ind2=" ">
   <subfield code="a">Table of Contents: Preface. Guided Tour. Part I. The Molecular Basis of Life: 1. The Science of Biology -- 2. The Nature of Molecules and the Properties of Water -- 3. The Chemical Building Blocks of Life -- Part II. Biology of the Cell: 4. Cell Structure -- 5. Membranes -- 6. Energy and Metabolism -- 7. How Cells Harvest Energy -- 8. Photosynthesis -- 9. Cell Communication -- 10. How Cells Divide -- Part III. Genetic and Molecular Biology: 11. Sexual Reproduction and Meiosis -- 12. Patterns of Inheritance -- 13. Chromosomes, Mapping, and the Meiosis-Inheritance Connection -- 14. DNA: The Genetic Material -- 15. Genes and How They Work -- 16. Control of Gene Expression -- 17. Biotechnology -- 18. Genomics -- 19. Cellular Mechanisms of Development -- Part IV. Evolution: 20. Genes Within Populations -- 21. The Evidence for Evolution -- 22. The Origin of Species -- 23. Systematics and the Phylogenetic Revolution -- 24. Genome Evolution -- 25. Evolution of Development -- Part V. The Diversity of Life: 26. The Tree of Life -- 27. Viruses -- 28. Prokaryotes -- 29. Protists -- 30. Green Plants -- 31. Fungi -- 32. Overview of Animal Diversity -- 33. Noncoelomate Invertebrates -- 34. Coelomate Invertebrates -- 35. Vertebrates -- Part VI. Plant Form and Function: 36. Plant Form -- 37. Vegetative Plant Development -- 38. Transport in Plants -- 39. Plant Nutrition and Soils -- 40. Plant Defense Responses -- 41. Sensory Systems in Plants -- 42. Plant Reproduction -- Part VII. Animal Form and Function: 43. The Animal Body and Principles of Regulation -- 44. The Nervous System -- 45. Sensory Systems -- 46. The Endocrine System -- 47. The Musculoskeletal System -- 48. The Digestive System -- 49. The Respiratory System -- 50. The Circulatory System -- 51. Osmotic Regulation and the Urinary System -- 52. The Immune System -- 53. The Reproductive System -- 54. Animal Development -- Part VIII. Ecology and Behavior: 55. Behavioral Biology -- 56. Ecology of Individuals and Populations -- 57. Community Ecology -- 58. Dynamics of Ecosystems -- 59. The Biosphere -- 60. Conservation Biology. -- Appendix A. Glossary. Credits. Index.</subfield>
  </datafield>
  <datafield tag="591" ind1=" " ind2=" ">
   <subfield code="a">Tac-2009g, Tac-2010g donated by The Asia Foundation and MoneyGram Foundation.</subfield>
  </datafield>
  <datafield tag="650" ind1=" " ind2="0">
   <subfield code="a">Biology.</subfield>
  </datafield>
  <datafield tag="700" ind1="1" ind2=" ">
   <subfield code="a">Raven, Peter H.</subfield>
  </datafield>
  <datafield tag="700" ind1="1" ind2=" ">
   <subfield code="a">Mason, Kenneth.</subfield>
  </datafield>
  <datafield tag="856" ind1="4" ind2="1">
   <subfield code="3">Table of contents only</subfield>
   <subfield code="u">https://drive.google.com/file/d/1Olxxus76_Thos8qy8zyL_sEVgVJ1oakw/view?usp=sharing</subfield>
  </datafield>
  <datafield tag="905" ind1=" " ind2=" ">
   <subfield code="a">FO</subfield>
  </datafield>
  <datafield tag="852" ind1="0" ind2=" ">
   <subfield code="a">UPTAC</subfield>
   <subfield code="b">UPTAC</subfield>
   <subfield code="h">QH 308.2 R38 2011</subfield>
  </datafield>
  <datafield tag="942" ind1=" " ind2=" ">
   <subfield code="a">Book</subfield>
  </datafield>
 </record>
</collection>
